000
00278nam a22001217a 4500
008
170228b xxu||||| |||| 00| 0 eng d
041
_a
eng
080
_a
616.8 006
100
_a
6
101
_a
SHM
245
_a
CANCER MANAGEMENT A MULTIDISCIPLINARY
_c
PAZDUR.R
942
_2
udc
_c
BK
999
_c
6429
_d
6429